[Event "4NCL Division 2c"]
[Site "Puma Hotel, Hinckley Island EN"]
[Date "2013.05.05"]
[Round "10.25"]
[White "Ross, Chris N"]
[Black "Haria, Ravi"]
[Result "1-0"]
[WhiteElo "2247"]
[BlackElo "2076"]
[PlyCount "87"]
[EventDate "2013.05.05"]
[WhiteTeam "Pandora's Box Grantham"]
[BlackTeam "Kings Head"]

1. d4 Nf6 2. c4 c5 3. d5 b5 4. a4 b4 5. Nd2 d6 6. g3 g6 7. Bg2 Bg7 8. e4 O-O 9.
Ne2 Nbd7 10. Qc2 Rb8 11. Rb1 e6 12. dxe6 fxe6 13. O-O Ne5 14. f4 Nf7 15. b3 e5
16. Bb2 Qe7 17. Rbe1 Bb7 18. Nc1 g5 19. Nd3 gxf4 20. gxf4 exf4 21. Nxf4 Ne5 22.
Nd5 Qe6 23. Nf3 Nfg4 24. Qe2 Bxd5 25. Nxe5 Rxf1+ 26. Rxf1 Bxe5 27. cxd5 Qg6 28.
Bxe5 Nxe5 29. Kh1 Kh8 30. Bh3 Qh6 31. Bf5 c4 32. bxc4 b3 33. Qb2 Qg7 34. Rg1
Ng6 35. Qb1 b2 36. Bxg6 hxg6 37. e5 dxe5 38. c5 Qf7 39. Qe4 Qf5 40. Qxf5 gxf5
41. Rb1 Kg7 42. d6 Kf7 43. c6 f4 44. d7 1-0

[Event "4NCL Division 2c"]
[Site "Puma Hotel, Hinckley Island EN"]
[Date "2013.05.05"]
[Round "10.26"]
[White "Thomas, Rik H"]
[Black "Capuzzo, Marcos"]
[Result "1/2-1/2"]
[WhiteElo "2183"]
[BlackElo "2229"]
[PlyCount "68"]
[EventDate "2013.05.05"]
[WhiteTeam "Kings Head"]
[BlackTeam "Pandora's Box Grantham"]

1. b3 e5 2. Bb2 d6 3. g3 f5 4. Bg2 Nf6 5. c4 g6 6. Nf3 Bg7 7. O-O O-O 8. d4 e4
9. Ne1 c6 10. Nc3 d5 11. Nc2 Be6 12. Ne3 f4 13. gxf4 Nh5 14. f3 dxc4 15. Nxe4
Nxf4 16. Nxc4 Bxc4 17. bxc4 Bxd4+ 18. Bxd4 Qxd4+ 19. Qxd4 Nxe2+ 20. Kf2 Nxd4
21. Rfd1 Nf5 22. Rd3 Na6 23. Bh3 Rad8 24. Rad1 Rxd3 25. Rxd3 Kg7 26. Rd7+ Rf7
27. Bxf5 gxf5 28. Rxf7+ Kxf7 29. Nd6+ Ke6 30. Nxb7 Ke5 31. Na5 Nb8 32. Ke3 f4+
33. Kd3 c5 34. a3 a6 1/2-1/2

[Event "4NCL Division 2c"]
[Site "Puma Hotel, Hinckley Island EN"]
[Date "2013.05.05"]
[Round "10.27"]
[White "Burrows, Martin P"]
[Black "Guthrie, David W"]
[Result "1/2-1/2"]
[WhiteElo "2144"]
[BlackElo "2170"]
[PlyCount "59"]
[EventDate "2013.05.05"]
[WhiteTeam "Pandora's Box Grantham"]
[BlackTeam "Kings Head"]

1. e4 c5 2. Nf3 d6 3. d4 cxd4 4. Nxd4 Nf6 5. Nc3 a6 6. Bc4 e6 7. Bb3 b5 8. Bg5
Be7 9. Qf3 Qc7 10. O-O-O Nbd7 11. Rhe1 O-O 12. Kb1 Bb7 13. Qh3 Nc5 14. f4 Nxb3
15. axb3 Rac8 16. e5 dxe5 17. fxe5 Nd5 18. Nxd5 Bxd5 19. Bxe7 Qxe7 20. Re3 Qg5
21. g4 Rfd8 22. Qg3 Qg6 23. Ka2 Rxc2 24. Nxc2 Qxc2 25. Rdd3 a5 26. Rc3 Qd2 27.
Red3 Qe2 28. Re3 Qd2 29. Red3 Qe2 30. Re3 1/2-1/2

[Event "4NCL Division 2c"]
[Site "Puma Hotel, Hinckley Island EN"]
[Date "2013.05.05"]
[Round "10.28"]
[White "Wittmann, Jochen"]
[Black "Mangione, Claudio"]
[Result "1/2-1/2"]
[WhiteElo "2176"]
[BlackElo "2110"]
[PlyCount "109"]
[EventDate "2013.05.05"]
[WhiteTeam "Kings Head"]
[BlackTeam "Pandora's Box Grantham"]

1. f4 g6 2. Nf3 Bg7 3. g3 d6 4. Bg2 e5 5. d3 exf4 6. gxf4 d5 7. O-O Nf6 8. e4
dxe4 9. dxe4 Qxd1 10. Rxd1 Nxe4 11. Re1 f5 12. Nbd2 O-O 13. Nxe4 fxe4 14. Ng5
Na6 15. Bxe4 c6 16. Bd3 Nb4 17. Bc4+ Nd5 18. Re7 Bf6 19. Bxd5+ cxd5 20. Rc7 Bd8
21. Rc3 Bb6+ 22. Kg2 Bf5 23. Bd2 Ba5 24. Rd1 Bxc3 25. Bxc3 Rad8 26. Rd2 Rfe8
27. Nf3 Be4 28. Kf2 Bxf3 29. Kxf3 Kf7 30. Be5 Ke6 31. Bc7 Rd7 32. Be5 Rc8 33.
Bd4 b5 34. Re2+ Kf7 35. Rd2 Rc6 36. c3 a6 37. a3 Rc8 38. Be5 Re8 39. Re2 Re6
40. Kf2 Rd8 41. Kf3 Ke7 42. Rd2 Rd7 43. h4 a5 44. Rd4 Rc6 45. a4 Ke6 46. axb5
Rb6 47. c4 dxc4 48. Rxc4 Rxb5 49. Rc6+ Kd5 50. Rc8 Rf7 51. Kg4 Rf5 52. Rc7 h5+
53. Kf3 Rb3+ 54. Bc3 Rb5 55. Rg7 1/2-1/2

[Event "4NCL Division 2c"]
[Site "Puma Hotel, Hinckley Island EN"]
[Date "2013.05.05"]
[Round "10.31"]
[White "Tozer, Philip AA"]
[Black "Beaumont, Chris R"]
[Result "0-1"]
[WhiteElo "2165"]
[BlackElo "2273"]
[PlyCount "110"]
[EventDate "2013.05.05"]
[WhiteTeam "Anglian Avengers 1"]
[BlackTeam "Bristol 1"]

1. c4 g6 2. g3 Nf6 3. Bg2 d5 4. cxd5 Nxd5 5. Nc3 Nb6 6. Nf3 Bg7 7. d3 O-O 8.
Bg5 h6 9. Be3 Nc6 10. O-O e5 11. Qc1 Kh7 12. Ne4 Nd4 13. Bxd4 exd4 14. Qc5 Re8
15. Rfe1 Be6 16. Rac1 c6 17. b3 Bd5 18. Qb4 a5 19. Qd2 Nc8 20. Qf4 f5 21. Ned2
Qd6 22. Qxd6 Nxd6 23. Nc4 Nb5 24. Nb6 Rad8 25. Nxd5 Rxd5 26. Nd2 Rde5 27. Nc4
Rxe2 28. Kf1 Rxe1+ 29. Rxe1 Rxe1+ 30. Kxe1 Bf8 31. Kd2 Kg7 32. Kc2 Bb4 33. a4
Nc7 34. Bf3 h5 35. Bg2 Kf6 36. f4 Ne6 37. Bf3 h4 38. Nd2 g5 39. fxg5+ Kxg5 40.
Nc4 f4 41. g4 h3 42. Ne5 Kf6 43. Nd7+ Ke7 44. Ne5 Bd6 45. Nc4 Ng5 46. Nd2 Bb4
47. Bd1 Bxd2 48. Kxd2 Kf6 49. Ke2 Ke5 50. Kf2 Kd6 51. Be2 Kc5 52. Bf1 Kb4 53.
Bxh3 Nxh3+ 54. Kg2 Kc3 55. Kxh3 Kxd3 0-1

[Event "4NCL Division 2c"]
[Site "Puma Hotel, Hinckley Island EN"]
[Date "2013.05.05"]
[Round "10.32"]
[White "Rudd, Jack"]
[Black "Munson, Shaun D"]
[Result "0-1"]
[WhiteElo "2285"]
[BlackElo "2177"]
[PlyCount "60"]
[EventDate "2013.05.05"]
[WhiteTeam "Bristol 1"]
[BlackTeam "Anglian Avengers 1"]

1. e4 c5 2. Nf3 Nc6 3. d4 cxd4 4. Nxd4 e5 5. Nb5 d6 6. c4 Be7 7. Be3 Nf6 8. f3
O-O 9. N1c3 a6 10. Na3 Be6 11. Nd5 Ne8 12. Bd3 Bh4+ 13. g3 Bg5 14. Bb6 Qd7 15.
Nc2 Bd8 16. Nce3 g6 17. f4 f5 18. Bxd8 Qxd8 19. exf5 gxf5 20. fxe5 dxe5 21. O-O
Ng7 22. Rf2 Qd6 23. Qd2 Rad8 24. Raf1 Nd4 25. Qa5 Rd7 26. Be4 Rdf7 27. Bg2 f4
28. gxf4 exf4 29. Nc2 Nxc2 30. Rxc2 f3 0-1

[Event "4NCL Division 2c"]
[Site "Puma Hotel, Hinckley Island EN"]
[Date "2013.05.05"]
[Round "10.33"]
[White "Talsma, Paul A"]
[Black "Dilleigh, Stephen P"]
[Result "1-0"]
[WhiteElo "2185"]
[BlackElo "2112"]
[PlyCount "51"]
[EventDate "2013.05.05"]
[WhiteTeam "Anglian Avengers 1"]
[BlackTeam "Bristol 1"]

1. d4 d5 2. c4 e6 3. Nc3 Nf6 4. Bg5 Be7 5. e3 h6 6. Bh4 O-O 7. Rc1 Ne4 8. Bxe7
Qxe7 9. cxd5 Nxc3 10. Rxc3 exd5 11. Bd3 c6 12. Ne2 Nd7 13. Bb1 Nf6 14. f3 g6
15. O-O Kg7 16. Ng3 h5 17. Qd2 Be6 18. a3 a5 19. Re1 Rfd8 20. Rc5 a4 21. Ne2
Ne8 22. Nf4 Nd6 23. Qf2 Bf5 24. e4 dxe4 25. fxe4 Bc8 26. Nxh5+ 1-0

[Event "4NCL Division 2c"]
[Site "Puma Hotel, Hinckley Island EN"]
[Date "2013.05.05"]
[Round "10.35"]
[White "Player, Edmund C"]
[Black "Curtis, John E"]
[Result "1/2-1/2"]
[WhiteElo "2237"]
[BlackElo "2111"]
[PlyCount "81"]
[EventDate "2013.05.05"]
[WhiteTeam "Anglian Avengers 1"]
[BlackTeam "Bristol 1"]

1. e4 d6 2. d4 Nf6 3. Nc3 e5 4. Nf3 Nbd7 5. Bc4 Be7 6. O-O O-O 7. a4 c6 8. Re1
b6 9. Ba2 a6 10. Nh4 exd4 11. Qxd4 Nc5 12. Nf5 Bxf5 13. exf5 d5 14. Bg5 a5 15.
Ne2 Nce4 16. Be3 Qd7 17. Qd3 Nc5 18. Bxc5 Bxc5 19. Ng3 Rfe8 20. h3 Rxe1+ 21.
Rxe1 Re8 22. Re2 Rxe2 23. Qxe2 Qe7 24. Qxe7 Bxe7 25. c4 Bc5 26. cxd5 cxd5 27.
Kf1 Kf8 28. Ke2 Ke7 29. f3 Kd6 30. Bb1 Ke5 31. Kd3 Kf4 32. Ne2+ Kxf5 33. Ba2
Ke5 34. f4+ Kd6 35. Nc3 Bf2 36. g4 h6 37. g5 hxg5 38. fxg5 Nh7 39. g6 fxg6 40.
Bxd5 Ng5 41. Bg2 1/2-1/2

[Event "4NCL Division 2c"]
[Site "Puma Hotel, Hinckley Island EN"]
[Date "2013.05.05"]
[Round "10.36"]
[White "Collier, David O"]
[Black "Spence, David J"]
[Result "1/2-1/2"]
[WhiteElo "2075"]
[BlackElo "2232"]
[PlyCount "38"]
[EventDate "2013.05.05"]
[WhiteTeam "Bristol 1"]
[BlackTeam "Anglian Avengers 1"]

1. d4 e6 2. e4 d5 3. exd5 exd5 4. Bd3 Nc6 5. c3 Bd6 6. Qf3 Be6 7. Ne2 Nge7 8.
Bf4 Ng6 9. Bxd6 Qxd6 10. Nd2 Nce7 11. Qg3 Qb6 12. O-O-O O-O-O 13. f4 Bf5 14.
Bxf5+ Nxf5 15. Qh3 Nge7 16. Ng3 g6 17. Rde1 Kb8 18. Nxf5 Nxf5 19. g4 Nd6
1/2-1/2

[Event "4NCL Division 2c"]
[Site "Puma Hotel, Hinckley Island EN"]
[Date "2013.05.05"]
[Round "10.37"]
[White "Lindner, Daniel"]
[Black "Humphreys, Jerry"]
[Result "1/2-1/2"]
[WhiteElo "2202"]
[BlackElo "2060"]
[PlyCount "157"]
[EventDate "2013.05.05"]
[WhiteTeam "Anglian Avengers 1"]
[BlackTeam "Bristol 1"]

1. c4 Nf6 2. g3 c5 3. Bg2 e6 4. Nf3 Nc6 5. O-O Be7 6. b3 d5 7. Bb2 O-O 8. e3
dxc4 9. bxc4 Qb6 10. Qb3 Qc7 11. d3 Rd8 12. Rd1 a6 13. Nc3 Rb8 14. a4 Bd7 15.
Rac1 Qa5 16. Ba1 Nb4 17. Ne5 Be8 18. d4 Bd6 19. Nf3 Bc6 20. Rd2 cxd4 21. exd4
Ne4 22. Nxe4 Bxe4 23. Re2 Bxf3 24. Bxf3 Nc6 25. c5 Be7 26. d5 exd5 27. Bxd5
Bxc5 28. Bxf7+ Kh8 29. Qe6 Bd4 30. Re4 Qd2 31. Rf1 Bxa1 32. Rxa1 Nd4 33. Qg4
Qc3 34. Ra2 Nf3+ 35. Kg2 Ne5 36. Qf5 Nxf7 37. Qxf7 Rf8 38. Qh5 Qc6 39. f3 Rf6
40. Rf2 Rbf8 41. Qe5 b5 42. axb5 axb5 43. Re3 h6 44. Qe4 Qxe4 45. Rxe4 Rb8 46.
Rb2 Kg8 47. Rbb4 Rf5 48. Re7 Kf8 49. Rc7 Rd8 50. Rc2 Rfd5 51. Kh3 R8d7 52. Rc8+
Kf7 53. Rb8 Rh5+ 54. Kg4 Rg5+ 55. Kh4 Rdd5 56. f4 Rh5+ 57. Kg4 Rxh2 58. f5 Rf2
59. Rb7+ Kg8 60. Rb8+ Kh7 61. R4xb5 Rfxf5 62. Rxd5 Rxd5 63. Rb6 Rd7 64. Kf4 Ra7
65. Kg4 Ra4+ 66. Kf3 h5 67. Rc6 g6 68. Rb6 Kh6 69. Rb5 Ra3+ 70. Kg2 Ra6 71. Rc5
Rf6 72. Ra5 g5 73. Rb5 Kg6 74. Ra5 Re6 75. Rb5 Kf6 76. Rb2 Kf5 77. Rb5+ Re5 78.
Rb2 Re4 79. Kf3 1/2-1/2

[Event "4NCL Division 2c"]
[Site "Puma Hotel, Hinckley Island EN"]
[Date "2013.05.05"]
[Round "10.38"]
[White "Wang, Alyssa"]
[Black "Taylor, Adam C"]
[Result "1-0"]
[WhiteElo "1558"]
[BlackElo "1954"]
[PlyCount "71"]
[EventDate "2013.05.05"]
[WhiteTeam "Bristol 1"]
[BlackTeam "Anglian Avengers 1"]

1. d4 Nf6 2. c4 e6 3. Nc3 Bb4 4. e3 c5 5. Nf3 O-O 6. Bd3 d5 7. O-O Nc6 8. a3
Bxc3 9. bxc3 dxc4 10. Bxc4 Na5 11. Be2 c4 12. Nd2 b5 13. a4 a6 14. Ba3 Re8 15.
Bb4 Bb7 16. Bxa5 Qxa5 17. axb5 Qxb5 18. Nxc4 Qg5 19. Bf3 Nd5 20. Qd3 Nb4 21.
Qe2 Nd5 22. Rfc1 Re7 23. Na5 e5 24. dxe5 Qxe5 25. Nxb7 Rxb7 26. c4 Rb2 27. Qe1
Nf6 28. Bxa8 Ng4 29. f4 Qc5 30. Rc3 h6 31. h3 Nf2 32. Qc1 Qb4 33. Rc2 Nd3 34.
Rxb2 Nxb2 35. Rb1 Qf8 36. Qxb2 1-0

[Event "4NCL Division 2c"]
[Site "Puma Hotel, Hinckley Island EN"]
[Date "2013.05.05"]
[Round "10.41"]
[White "Yeo, Michael J"]
[Black "Gayson, Peter M"]
[Result "1-0"]
[WhiteElo "2155"]
[BlackElo "2215"]
[PlyCount "97"]
[EventDate "2013.05.05"]
[WhiteTeam "Wessex"]
[BlackTeam "White Rose 2"]

1. e4 c5 2. Nf3 e6 3. d4 cxd4 4. Nxd4 Nf6 5. Nc3 d6 6. Be3 a6 7. g4 h6 8. h3
Nc6 9. Bg2 Qc7 10. Qe2 Bd7 11. f4 Be7 12. O-O-O Nxd4 13. Rxd4 Bc6 14. Kb1 e5
15. Rd2 O-O-O 16. Qf2 Rdf8 17. Bb6 Qb8 18. fxe5 dxe5 19. Qf5+ Nd7 20. Nd5 Bd6
21. Bc7 Qxc7 22. Nxc7 Bxc7 23. Rhd1 g6 24. Qf1 Nc5 25. Qc4 Ne6 26. Bf1 Rd8 27.
Rxd8+ Rxd8 28. Rxd8+ Kxd8 29. a4 Ke7 30. b3 Kd7 31. Kb2 Ke7 32. Ka3 Bd6+ 33. b4
Kd7 34. c3 Bxa4 35. Qd3 Bc6 36. Qe3 g5 37. Kb3 Ke7 38. Bc4 Nf4 39. Kb2 b5 40.
Bb3 Bd7 41. Qa7 Nxh3 42. Bd5 Kd8 43. Qxa6 Kc7 44. Qa5+ Kc8 45. Qb6 Bc7 46. Bb7+
Kb8 47. Qa6 Bd8 48. Bd5 Kc7 49. Qa7+ 1-0

[Event "4NCL Division 2c"]
[Site "Puma Hotel, Hinckley Island EN"]
[Date "2013.05.05"]
[Round "10.42"]
[White "Townsend, M Paul"]
[Black "Lock, Gavin R"]
[Result "1-0"]
[WhiteElo "2234"]
[BlackElo "2173"]
[PlyCount "79"]
[EventDate "2013.05.05"]
[WhiteTeam "White Rose 2"]
[BlackTeam "Wessex"]

1. d4 d5 2. c4 c6 3. Nf3 e6 4. e3 f5 5. Bd3 Nf6 6. O-O Bd6 7. b3 Qe7 8. Bb2 O-O
9. Qc1 b6 10. Ba3 c5 11. cxd5 Nxd5 12. dxc5 bxc5 13. Nc3 Nd7 14. Nxd5 exd5 15.
Qc2 Bb7 16. Bxf5 d4 17. Bxd7 Bxf3 18. gxf3 Qxd7 19. Bxc5 Rac8 20. b4 Bxc5 21.
bxc5 Rxf3 22. Qe4 Rcf8 23. Qxd4 Qf5 24. e4 Qg4+ 25. Kh1 Qf4 26. Rg1 g6 27. Rg2
Rxf2 28. Rxf2 Qxf2 29. Qxf2 Rxf2 30. Rc1 Rf7 31. Kg2 Rc7 32. Kf3 Kf7 33. e5 Ke6
34. Ke4 Rc6 35. Kd4 Rc7 36. c6 h6 37. Kc5 Kxe5 38. Re1+ Kf4 39. Kd6 Rxc6+ 40.
Kxc6 1-0

[Event "4NCL Division 2c"]
[Site "Puma Hotel, Hinckley Island EN"]
[Date "2013.05.05"]
[Round "10.43"]
[White "Pleasants, Allan J"]
[Black "Adams, David M"]
[Result "0-1"]
[WhiteElo "2030"]
[BlackElo "2216"]
[PlyCount "128"]
[EventDate "2013.05.05"]
[WhiteTeam "Wessex"]
[BlackTeam "White Rose 2"]

1. e4 d6 2. Nc3 Nf6 3. Nf3 e5 4. d4 Nbd7 5. Bc4 Be7 6. O-O O-O 7. Re1 c6 8. a4
exd4 9. Nxd4 Ne5 10. Bf1 Re8 11. h3 Qb6 12. Nb3 Qc7 13. f4 Ng6 14. a5 Bd7 15.
Nd4 b5 16. axb6 axb6 17. Rxa8 Rxa8 18. f5 Ne5 19. Nf3 Ra1 20. Nxe5 dxe5 21. Qf3
b5 22. Bd2 Qa7+ 23. Kh2 Rxe1 24. Bxe1 Qa1 25. Nd1 Nxe4 26. Qxe4 Qxd1 27. Bxb5
Bxf5 28. Qxf5 cxb5 29. Bc3 f6 30. Qc8+ Qd8 31. Qc6 Qb8 32. Ba5 Bd6 33. Bb6 b4
34. Bc5 Bxc5 35. Qd5+ Kf8 36. Qxc5+ Kf7 37. Qc4+ Ke7 38. Qe4 g6 39. Qh4 h5 40.
Qe4 f5 41. Qh4+ Kf7 42. Qc4+ Kg7 43. h4 Qd6 44. c3 e4+ 45. g3 e3 46. Kh3 Qe5
47. Qe2 bxc3 48. bxc3 Qxc3 49. Qb5 Qd4 50. Qb7+ Kf6 51. Qc6+ Ke5 52. Qe8+ Kd5
53. Qa8+ Kc4 54. Qa4+ Kd3 55. Qd1+ Ke4 56. Qb1+ Qd3 57. Qb7+ Kd4 58. Qg7+ Kc4
59. Qc7+ Kb3 60. Qb6+ Kc2 61. Qc6+ Kd2 62. Qxg6 e2 63. Qh6+ Kd1 64. Qxh5 f4 0-1

[Event "4NCL Division 2c"]
[Site "Puma Hotel, Hinckley Island EN"]
[Date "2013.05.05"]
[Round "10.44"]
[White "Weller, Jean-Luc"]
[Black "de Coverly, Roger D"]
[Result "1-0"]
[WhiteElo "2176"]
[BlackElo "2019"]
[PlyCount "113"]
[EventDate "2013.05.05"]
[WhiteTeam "White Rose 2"]
[BlackTeam "Wessex"]

1. d4 Nf6 2. c4 g6 3. Nc3 Bg7 4. e4 d6 5. Nf3 O-O 6. Be2 e5 7. d5 Nbd7 8. Be3
Nc5 9. Nd2 a5 10. a3 Bd7 11. b4 axb4 12. axb4 Rxa1 13. Qxa1 Na6 14. Qa3 Ng4 15.
Bxg4 Bxg4 16. f3 Bc8 17. b5 Nb8 18. c5 dxc5 19. Bxc5 Re8 20. O-O Nd7 21. Bb4
Nb6 22. Rc1 Bd7 23. Rd1 Bh6 24. Nf1 Nc4 25. Qa2 Ne3 26. Nxe3 Bxe3+ 27. Kh1 Qh4
28. g3 Qf6 29. Kg2 Bd4 30. h4 h5 31. Qc4 Qb6 32. d6 cxd6 33. Nd5 Qd8 34. Rxd4
exd4 35. Qxd4 Re5 36. Bc3 f6 37. f4 Rxd5 38. Qxd5+ Kg7 39. Qxb7 Qe7 40. Qd5
Bxb5 41. e5 Qd7 42. exf6+ Kf8 43. Kh2 Bc6 44. Qg5 Qe8 45. Qh6+ Kf7 46. Qg7+ Ke6
47. Qa7 Kf5 48. Qa6 Bb5 49. Qa2 Qc8 50. Qd5+ Kg4 51. Qd1+ Kf5 52. Qd5+ Kg4 53.
Qd1+ Kf5 54. f7 Bc4 55. Qc2+ Ke6 56. Qxg6+ Ke7 57. Qf6+ 1-0

[Event "4NCL Division 2c"]
[Site "Puma Hotel, Hinckley Island EN"]
[Date "2013.05.05"]
[Round "10.45"]
[White "Tunks, Dominic R"]
[Black "O'Driscoll, Kieran"]
[Result "1/2-1/2"]
[WhiteElo "2055"]
[BlackElo "2120"]
[PlyCount "38"]
[EventDate "2013.05.05"]
[WhiteTeam "Wessex"]
[BlackTeam "White Rose 2"]

1. e4 d5 2. exd5 Nf6 3. Nf3 Nxd5 4. d4 g6 5. c4 Nb6 6. Nc3 Bg7 7. c5 N6d7 8.
Bc4 O-O 9. O-O b6 10. Re1 Bb7 11. Bg5 Bf6 12. Ne4 bxc5 13. Bh6 Bxe4 14. Bxf8
Bxf3 15. Qxf3 Kxf8 16. Qd5 Kg7 17. Qxf7+ Kh6 18. dxc5 Ne5 19. Qd5 Qxd5 1/2-1/2

[Event "4NCL Division 2c"]
[Site "Puma Hotel, Hinckley Island EN"]
[Date "2013.05.05"]
[Round "10.46"]
[White "Shaw, Peter"]
[Black "Gregory, Keith DF"]
[Result "1-0"]
[WhiteElo "2151"]
[BlackElo "2047"]
[PlyCount "125"]
[EventDate "2013.05.05"]
[WhiteTeam "White Rose 2"]
[BlackTeam "Wessex"]

1. d4 d6 2. Nf3 Bg4 3. e4 Nd7 4. h3 Bh5 5. Nc3 c6 6. g4 Bg6 7. h4 h5 8. g5 e6
9. Qe2 Ne7 10. d5 e5 11. Bh3 Nb6 12. dxc6 bxc6 13. a4 a5 14. b3 Qc7 15. Ba3
Nec8 16. O-O-O Be7 17. Kb1 Rb8 18. Ka2 O-O 19. Rd2 Re8 20. Ne1 Qb7 21. Nd3 d5
22. Bxe7 Qxe7 23. exd5 cxd5 24. Re1 d4 25. Nb5 Bxd3 26. Qxd3 Nd5 27. Qf3 Rxb5
28. axb5 Nc3+ 29. Kb2 Nxb5 30. Ra1 Qb4 31. Re2 e4 32. Rxe4 Qc3+ 33. Qxc3 dxc3+
34. Ka2 Rxe4 35. Bxc8 Re2 36. Bf5 Rxf2 37. Bd3 Nd4 38. Kb1 Rd2 39. Rxa5 g6 40.
Ra8+ Kg7 41. Rc8 Nxb3 42. cxb3 Rxd3 43. Kc2 Rd4 44. Rc4 Rd7 45. Kxc3 f6 46.
gxf6+ Kxf6 47. b4 Ke5 48. b5 Rg7 49. Rc5+ Kd6 50. Kb4 Rf7 51. Rc6+ Kd7 52. Rc4
Rf1 53. Ka5 Rf5 54. Ka6 g5 55. hxg5 Rxg5 56. b6 Rg1 57. b7 Ra1+ 58. Kb6 Rb1+
59. Ka7 Ra1+ 60. Kb8 Rb1 61. Ra4 Kc6 62. Ra6+ Kd7 63. Ka8 1-0

[Event "4NCL Division 2c"]
[Site "Puma Hotel, Hinckley Island EN"]
[Date "2013.05.05"]
[Round "10.47"]
[White "Gill, Oliver"]
[Black "Burnett, Jim"]
[Result "0-1"]
[WhiteElo "1984"]
[BlackElo "2143"]
[PlyCount "150"]
[EventDate "2013.05.05"]
[WhiteTeam "Wessex"]
[BlackTeam "White Rose 2"]

1. e4 e6 2. d4 d5 3. Bd3 c5 4. exd5 Qxd5 5. Nc3 Qxd4 6. Nb5 Qd8 7. Bf4 Na6 8.
Qe2 Nf6 9. O-O-O Nd5 10. Bc4 Be7 11. Bxd5 exd5 12. Nd6+ Kf8 13. Rxd5 Be6 14.
Rd1 Qb6 15. Nf3 Nb4 16. Qb5 Nxa2+ 17. Kb1 Nb4 18. Qxb6 axb6 19. Ng5 Ba2+ 20.
Kc1 Nd5 21. g3 Nxf4 22. gxf4 Bd5 23. Rhe1 Bxd6 24. Rxd5 Ra1+ 25. Kd2 Bxf4+ 26.
Ke2 Rxe1+ 27. Kxe1 Bxg5 28. Rxg5 f6 29. Rg3 Kf7 30. Rd3 Re8+ 31. Kd2 Ke6 32. c4
Re7 33. Rb3 Rd7+ 34. Ke2 Rd6 35. Rh3 h6 36. Rg3 Kf7 37. Ra3 g5 38. Ra7 Rd7 39.
h3 h5 40. Ra8 h4 41. f4 gxf4 42. Rh8 Ke6 43. Rxh4 Rd4 44. Rh7 Rxc4 45. Rxb7 Rb4
46. Rh7 Rxb2+ 47. Kf3 Rb4 48. Kg4 b5 49. h4 Rd4 50. h5 Rd8 51. h6 Rd1 52. Rb7
b4 53. h7 Rh1 54. Kxf4 b3 55. Ke4 Rh4+ 56. Kd3 c4+ 57. Kc3 Kf5 58. Rg7 Ke6 59.
Rc7 f5 60. Kb2 Rh3 61. Rb7 Kf6 62. Rc7 Kg6 63. Rxc4 Rxh7 64. Kxb3 Kg5 65. Kc3
Rd7 66. Rc8 Kg4 67. Rg8+ Kf3 68. Rf8 f4 69. Rf6 Ke3 70. Re6+ Kf2 71. Rf6 f3 72.
Rf8 Ke2 73. Re8+ Kf1 74. Rf8 f2 75. Rf6 Rg7 0-1

[Event "4NCL Division 2c"]
[Site "Puma Hotel, Hinckley Island EN"]
[Date "2013.05.05"]
[Round "10.48"]
[White "Weller, Pierre"]
[Black "Reid, Vaness"]
[Result "1/2-1/2"]
[WhiteElo "2124"]
[BlackElo "1844"]
[PlyCount "116"]
[EventDate "2013.05.05"]
[WhiteTeam "White Rose 2"]
[BlackTeam "Wessex"]

1. d4 d5 2. c4 c6 3. Nf3 Nf6 4. e3 Bf5 5. Nc3 e6 6. Qb3 Qb6 7. Qxb6 axb6 8. Nh4
Bg6 9. Bd2 Bd6 10. Nxg6 hxg6 11. g3 Nbd7 12. f4 Ng4 13. Be2 Ngf6 14. O-O Ne4
15. Nxe4 dxe4 16. Bc3 O-O 17. Rfd1 Rfd8 18. Rd2 Be7 19. h4 Nf6 20. a3 Ne8 21.
Rad1 Nc7 22. Bf1 f5 23. Be2 b5 24. cxb5 Nd5 25. Bc4 cxb5 26. Bxd5 exd5 27. Rc1
Rdc8 28. Rdc2 Rc4 29. b3 Rc6 30. Bb4 Bxb4 31. Rxc6 bxc6 32. axb4 Ra6 33. Kh2
Kf7 34. Kh3 Ke7 35. g4 Kf7 36. h5 fxg4+ 37. Kxg4 gxh5+ 38. Kxh5 Ra3 39. Rc3 Ra6
40. Kg5 Rb6 41. Kf5 Ke7 42. Kg6 c5+ 43. Kxg7 cxd4 44. exd4 Ke6 45. Kg6 Kd7+ 46.
Kg5 Rc6 47. Rxc6 Kxc6 48. f5 e3 49. f6 e2 50. f7 e1=Q 51. f8=Q Qg1+ 52. Kh5
Qxd4 53. Qc8+ Kd6 54. Qa6+ Ke5 55. Qxb5 Qd1+ 56. Kg5 Qg1+ 57. Kh4 Qf2+ 58. Kh3
Qf3+ 1/2-1/2

[Event "4NCL Division 2c"]
[Site "Puma Hotel, Hinckley Island EN"]
[Date "2013.05.06"]
[Round "11.11"]
[White "Snuverink, Jochem"]
[Black "Rose, Matthew"]
[Result "1-0"]
[WhiteElo "2350"]
[BlackElo "2303"]
[PlyCount "103"]
[EventDate "2013.05.06"]
[WhiteTeam "Kings Head"]
[BlackTeam "Oxford 1"]

1. e4 c5 2. Nf3 d6 3. d4 cxd4 4. Nxd4 Nf6 5. Nc3 Nc6 6. Bc4 e6 7. Bb3 a6 8. Be3
Be7 9. O-O O-O 10. f4 Nxd4 11. Bxd4 b5 12. e5 dxe5 13. fxe5 Nd7 14. Ne4 Bb7 15.
Nd6 Qc7 16. Qh5 Nc5 17. Rad1 Nxb3 18. cxb3 Qc6 19. Rd2 Bxd6 20. exd6 f6 21. Qc5
Rac8 22. Qxc6 Bxc6 23. Rc1 Bd7 24. Rc7 Rxc7 25. dxc7 Bc8 26. Bc5 Re8 27. a4 Kf7
28. Kf2 e5 29. g3 Re6 30. Bd6 Bb7 31. Ke3 h5 32. h4 Bc8 33. Rd5 bxa4 34. bxa4
Ke8 35. Bb4 Kf7 36. Rd8 Re8 37. Bc5 g5 38. b4 gxh4 39. gxh4 f5 40. b5 axb5 41.
axb5 f4+ 42. Kf2 e4 43. Rxc8 Rxc8 44. b6 Ke6 45. b7 Rxc7 46. b8=Q Rxc5 47. Qe8+
Kd5 48. Qxh5+ Kd4 49. Qh8+ Kd3 50. Qd8+ Kc2 51. Qd4 e3+ 52. Ke2 1-0

[Event "4NCL Division 2c"]
[Site "Puma Hotel, Hinckley Island EN"]
[Date "2013.05.06"]
[Round "11.12"]
[White "Zakarian, David"]
[Black "McMichael, Richard J"]
[Result "1-0"]
[WhiteElo "2374"]
[BlackElo "2248"]
[PlyCount "133"]
[EventDate "2013.05.06"]
[WhiteTeam "Oxford 1"]
[BlackTeam "Kings Head"]

1. Nf3 d5 2. d4 c6 3. c4 e6 4. e3 f5 5. b3 Nf6 6. Bd3 Bd6 7. O-O O-O 8. Ba3 Ne4
9. Ne5 Bxa3 10. Nxa3 Nd7 11. f3 Nxe5 12. dxe5 Nc5 13. Nc2 f4 14. b4 Nxd3 15.
Qxd3 Bd7 16. c5 g5 17. Nd4 Qe7 18. Rfc1 Qg7 19. exf4 Rxf4 20. g3 Rf7 21. Qe3 h5
22. a4 Qg6 23. Ra2 Raf8 24. Rf2 Be8 25. Rcf1 Kh7 26. f4 Rxf4 27. Nxe6 Qxe6 28.
gxf4 gxf4 29. Rxf4 Rg8+ 30. Kh1 Bg6 31. R1f3 Rg7 32. Rg3 Be4+ 33. Rxe4 Rxg3 34.
hxg3 dxe4 35. Qxe4+ Kg7 36. Kh2 Kh6 37. Kg2 Kg7 38. Kf3 Qh3 39. e6 Qf1+ 40. Ke3
Qe1+ 41. Kf3 Qf1+ 42. Ke3 Qe1+ 43. Kf4 Qf2+ 44. Qf3 Qd4+ 45. Kg5 Qe5+ 46. Kh4
Qxe6 47. Qxh5 Qa2 48. Qe5+ Kg6 49. Qg5+ Kh7 50. Qe7+ Kg6 51. Qe4+ Kf6 52. b5
cxb5 53. axb5 a5 54. bxa6 Qxa6 55. g4 Kg7 56. Qe7+ Kg8 57. Kh5 Qc6 58. g5 Qf3+
59. Kg6 Qd3+ 60. Kf6 Qf3+ 61. Kg6 Qd3+ 62. Kf6 Qf3+ 63. Ke5 Qe3+ 64. Kd6 Qf4+
65. Kd7 Qd4+ 66. Kc7 Qd5 67. Qd8+ 1-0

[Event "4NCL Division 2c"]
[Site "Puma Hotel, Hinckley Island EN"]
[Date "2013.05.06"]
[Round "11.13"]
[White "Kwiatkowski, Feliks J"]
[Black "Schmidt, Jan-Peter"]
[Result "1/2-1/2"]
[WhiteElo "2209"]
[BlackElo "2269"]
[PlyCount "97"]
[EventDate "2013.05.06"]
[WhiteTeam "Kings Head"]
[BlackTeam "Oxford 1"]

1. e4 d6 2. d4 Nf6 3. Nc3 g6 4. f4 Bg7 5. Nf3 O-O 6. Be3 Nbd7 7. Qd2 c5 8. dxc5
Nxc5 9. e5 Nfe4 10. Nxe4 Nxe4 11. Qb4 Bf5 12. Bd3 a5 13. Qb6 Nc5 14. Bxc5 dxc5
15. Qxd8 Rfxd8 16. Bxf5 gxf5 17. Ke2 f6 18. exf6 Bxf6 19. Rad1 a4 20. Rxd8+
Rxd8 21. b3 axb3 22. axb3 Kf7 23. Rd1 Rg8 24. Kf2 Ke6 25. Rd2 Ra8 26. Ne5 Bxe5
27. Re2 Ra2 28. Rxe5+ Kd6 29. Re2 b5 30. Ke3 e6 31. Kd3 Ra1 32. Kc3 Rf1 33. g3
Rf3+ 34. Kd2 h5 35. Ke1 h4 36. Rf2 Rc3 37. gxh4 Rh3 38. Kf1 Rxh4 39. Kg2 Kd5
40. Kg3 Rg4+ 41. Kf3 Kd4 42. Re2 Rh4 43. Kg3 Rh6 44. h4 b4 45. Re5 c4 46. bxc4
Kxc4 47. Re3 Kd4 48. Rb3 Kc4 49. Re3 1/2-1/2